| 000 | 00702nam a22002657a 4500 | ||
|---|---|---|---|
| 001 | 22538 | ||
| 003 | UA-OsUOA | ||
| 005 | 20231221120850.0 | ||
| 007 | ta | ||
| 008 | 20031222b un ||||| |||| 00| 0 ukr d | ||
| 020 | _a57770770139 | ||
| 040 |
_aUA-OsUOA _brus _cUA-OsUOA _dUA-OsUOA |
||
| 041 | _arus | ||
| 044 | _aUA | ||
| 080 | _a161.1 | ||
| 090 |
_a161.1 _bГ96 |
||
| 100 | _aГуссерль Э. | ||
| 245 |
_aЛогические исследования _cЭдмунд Гуссерль _nЧ. 1 |
||
| 260 |
_aКиев _bВентури _c1995 |
||
| 300 | _a226 с. | ||
| 490 | _aКлассическая философская мысль | ||
| 650 | 7 | _2UDC | |
| 942 |
_cBK _2udc |
||
| 955 | _a0 | ||
| 999 |
_c308759 _d308759 |
||